000 00318nam a2200133Ia 4500
005 20251222141929.0
008 251222s9999||||xx |||||||||||||| ||spa||
020 _a8485851471
082 _a375.001/M26
100 _aRomán Pérez, Martiniano
245 0 _aCurrículum y Programación:
264 _bEOS
942 _cLIB
999 _c8963
_d8963